000 05248nam a22003977i 4500
001 B-12086
003 CO-BoFNCP
007 t||
008 090804s2009 ck r spa d
040 _aCO-BoFNCP
_bspa
_cCO-BoFNCP
_erda
041 _aspa
043 _ack
084 _aA-
100 1 _aHurtado C., Rafael E.
_941867,
_eautor.
_4aut
245 1 0 _aCatálogo de objetos para la agroindustria de la palma de aceite.
246 2 _aCatalogues of objects for the oil palm agro-industry
264 4 _c©2009
300 _apáginas 11-28 :
_bTablas, gráficos.
336 _atexto
_btxt
_2rdacontent
337 _asin mediación
_bn
_2rdamedia
338 _avolumen
_bnc
_2rdacarrier
500 _aContiene resumen en español e inglés.
504 _aIncluye referencias bibliográficas.
520 _aEl catálogo de objetos para el sector palmero está orientado a estructurar y estandarizar la información geográfica de la agroindustria de palma de aceite, con el fin de brindar una herramienta útil para la comunicación entre sus productores y usuarios. La estructura del catálogo clasifica los objetos geográficos principalmente utilizados en la administración del manejo agronómico de un cultivo de palma de aceite, identifica su importancia, define sus relaciones y atributos, y describe elementos geográficos que son de interés general para una plantación. Ello permite orientar a los productores en la adopción de un estándar que considera las particularidades y singularidades del sector palmero Colombiano. El catálogo de objetos presenta las características propias de los elementos geográficos a escala 1:2.000, agrupa las ocurrencias de un tipo de objeto según su naturaleza, e identifica atributos inherentes al objeto como lo es el tipo de geometría espacial (la representación geométrica de un tipo de objeto varía según la escala de representación). Sin embargo, no se explica la representación espacial de instancias del objeto geográfico con fines cartográficos. La representación espacial de estos elementos se encuentra consignada en el catálogo de símbolos cartográficos para la agroindustria de palma de aceite en Colombia a escala 1:2.000, un importante insumo que permite representar la realidad de una plantación en papel o a través de la pantalla del computador, es decir, realizar una abstracción de la realidad. Al estandarizar la información se optimizan actividades de flujo de información, se mejora la administración y el manejo agronómico dentro de la plantación y se reducen costos. También se evita con ello la duplicación de esfuerzos, y se favorece la toma de decisiones para el manejo de recursos. Por otra parte, contribuye al desarrollo del sector palmero, ya que brinda un mejor entendimiento del entorno geográfico del país, de manera que se puedan aprovechar sus cualidades y recursos. Este artículo forma parte de los compromisos del protocolo que para tal fin buscó desarrollar y estructurar el catálogo de objetos y el catálogo de símbolos, dentro del Programa de Agricultura de Precisión (ap) de Cenipalma. Su conceptualización, desarrollo tecnológico, manejo y estandarización de la información alfanumérica y geográfica asociada al sistema productivo de la palma de aceite, se encuentran inmersos en los conceptos de AP.
520 _aThe Catalog of objects for the oil palm sector is oriented to the structure of the geographic information of oil palm agro-industry, standardize this information in order to provide a useful tool for communication between producers and users of geographic information. The structure of the Catalog of objects classified mainly geographical objects used in the management of agricultural crops of oil palm, identifying its importance, defining attributes and their relations, aiming to describe geographic features that are of general interest to a plantation, and to guide producers of geographic information in the adoption of a standard that considers the specificities of the oil palm sector. The Catalog of objects sets the characteristics of the geographic objects to scale 1:2000, grouping occurrences of a type of object according to its nature, identifying attributes associated with the object as it is the type of geometry (geometric representation of a type object varies with the scale of representation). By standardizing the information activities is optimized information flow, allowing the exchange to generate a greater understanding of the context of palm oil, contributing to improved management and agronomic management within of the plantation and cutting costs to avoid raising unnecessary information. These benefits help to prevent duplication of efforts, helping to make the right decisions for resource management.
650 0 _aAgricultura de precisión.
_9809
650 0 _aNorma Técnica Colombiana
_934094.
650 0 _aSistemas de información geográfica.
_924845
650 0 _aPalma de aceite
_937678.
700 1 _aAraque T., Leonardo
_941868.
700 1 _aMontealegre M., Fabio
_941869.
700 1 _aRincón R., Victor
_936942.
773 0 _aPalmas (Colombia)
_gv. 30, no. 1 (2009), p.11-28
_wA-
_x0121-2923
942 _2z
_c1
999 _c26549
_d26549